000 01582nam0a22002891 4500
001 rc\3590084
005 20210216172751.0
035 _a(NLR Aleph) 007701947
090 _a6756144
_c6756144
100 _a20130115g19711972|||y0rusy50 ca
101 0 _arus
102 _aRU
105 _aa z |||||
200 1 _aПроектирование и строительство транспортных развязок на эстакадах в Москве
_fСост. О.А. Попов, И.С. Файнштейн
_gОбъединение по руководству науч.-техн. информацией и пропагандой в РСФСР при Гос. ком. Совета Министров СССР по науке и технике. Гос. науч.-исслед. ин-т науч. и техн. информации "ГосИНТИ"
210 _aМосква
_cБ. и.
_d1971 [вып. дан. 1972]
215 _a26 с.
_cил.
_d21
225 1 _aПроблемы больших городов
_iСерия обзоров
_v№ 46-71
300 _aНа обл. загл. сер.: Обзоры по проблемам больших городов
300 _aНа обл. сост. не указаны
700 1 _aПопов
_bО. А.
_cинженер, мостостроение
_gОлег Александрович
_3RU\NLR\AUTH\770226895
_4220
701 1 _aФайнштейн
_bИ. С.
_gИосиф Самуилович
_4220
801 0 _aRU
_bNLR
_gpsbo
801 1 _aRU
_bELAR
_2rusmarc
852 _aNLR
_jП31/290
942 _cBOOK
980 _aNB